<?xml version="1.0" encoding="UTF-8"?>
<record
    xmlns:xsi="http://www.w3.org/2001/XMLSchema-instance"
    xsi:schemaLocation="http://www.loc.gov/MARC21/slim http://www.loc.gov/standards/marcxml/schema/MARC21slim.xsd"
    xmlns="http://www.loc.gov/MARC21/slim">

  <leader>01114nam a22002297a 4500</leader>
  <controlfield tag="008">081007t        xxu||||| |||| 00| 0 mar</controlfield>
  <datafield tag="010" ind1=" " ind2=" ">
    <subfield code="a">MAR-19997</subfield>
  </datafield>
  <datafield tag="020" ind1=" " ind2=" ">
    <subfield code="c">100.00</subfield>
  </datafield>
  <datafield tag="035" ind1=" " ind2=" ">
    <subfield code="a">MR-12655</subfield>
  </datafield>
  <datafield tag="037" ind1=" " ind2=" ">
    <subfield code="b">D.B.Act /pub</subfield>
  </datafield>
  <datafield tag="082" ind1=" " ind2=" ">
    <subfield code="a">616.12</subfield>
  </datafield>
  <datafield tag="100" ind1=" " ind2=" ">
    <subfield code="a">&#x906;&#x935;&#x933;&#x947;&#x915;&#x930;, &#x91C;&#x92F;&#x936;&#x94D;&#x930;&#x940; &#x91A;&#x93F;&#x926;&#x93E;&#x928;&#x902;&#x926;</subfield>
  </datafield>
  <datafield tag="245" ind1=" " ind2=" ">
    <subfield code="a">&#x939;&#x943;&#x926;&#x92F;&#x935;&#x93F;&#x915;&#x93E;&#x930; &#x915;&#x93E; &#x935; &#x915;&#x938;&#x93E; ?  /</subfield>
    <subfield code="c">&#x91C;&#x92F;&#x936;&#x94D;&#x930;&#x940; &#x91A;&#x93F;&#x926;&#x93E;&#x928;&#x902;&#x926; &#x906;&#x935;&#x933;&#x947;&#x915;&#x930; </subfield>
  </datafield>
  <datafield tag="246" ind1=" " ind2=" ">
    <subfield code="a">Hardyavikar Ka va Kasaa ?</subfield>
    <subfield code="b">by Jayshree Chidanand Aavlekar</subfield>
  </datafield>
  <datafield tag="260" ind1=" " ind2=" ">
    <subfield code="a">&#x92A;&#x941;&#x923;&#x947;</subfield>
    <subfield code="b">&#x92A;&#x941;&#x937;&#x94D;&#x915;&#x930; &#x92A;&#x94D;&#x930;&#x915;&#x93E;&#x936;&#x928; </subfield>
    <subfield code="c">2007</subfield>
  </datafield>
  <datafield tag="270" ind1=" " ind2=" ">
    <subfield code="a">381 &#x905;/1,&#x936;&#x928;&#x93F;&#x935;&#x93E;&#x930; &#x92A;&#x947;&#x920;,&#x915;&#x928;&#x94D;&#x92F;&#x93E;&#x936;&#x93E;&#x933;&#x947;&#x91C;&#x935;&#x933;</subfield>
    <subfield code="b">&#x92A;&#x941;&#x923;&#x947;</subfield>
    <subfield code="e">411030</subfield>
    <subfield code="k">020-24483062</subfield>
  </datafield>
  <datafield tag="300" ind1=" " ind2=" ">
    <subfield code="a">128 &#x92A;&#x943;</subfield>
    <subfield code="c">22&#x938;&#x947;&#x92E;&#x940; (&#x905;&#x91C;&#x93F;&#x932;&#x94D;&#x926;)</subfield>
  </datafield>
  <datafield tag="650" ind1=" " ind2=" ">
    <subfield code="a">&#x939;&#x943;&#x926;&#x92F;&#x935;&#x93F;&#x915;&#x93E;&#x930;</subfield>
  </datafield>
  <datafield tag="650" ind1=" " ind2=" ">
    <subfield code="a">Heart Diseases</subfield>
  </datafield>
  <datafield tag="942" ind1=" " ind2=" ">
    <subfield code="2">ddc</subfield>
    <subfield code="c">MR</subfield>
    <subfield code="m">&#x906;&#x935;&#x933;&#x947;</subfield>
    <subfield code="h">616.12</subfield>
  </datafield>
  <datafield tag="999" ind1=" " ind2=" ">
    <subfield code="c">20800</subfield>
    <subfield code="d">20800</subfield>
  </datafield>
  <datafield tag="952" ind1=" " ind2=" ">
    <subfield code="0">0</subfield>
    <subfield code="1">0</subfield>
    <subfield code="2">ddc</subfield>
    <subfield code="4">0</subfield>
    <subfield code="7">1</subfield>
    <subfield code="8">NFIC</subfield>
    <subfield code="a">DBAD</subfield>
    <subfield code="b">DBAD</subfield>
    <subfield code="d">2009-01-09</subfield>
    <subfield code="e">DBAD</subfield>
    <subfield code="g">100.00</subfield>
    <subfield code="l">0</subfield>
    <subfield code="o">616.12 &#x906;&#x935;&#x933;&#x947;</subfield>
    <subfield code="p">MR-12655</subfield>
    <subfield code="r">2009-01-09 00:00:00</subfield>
    <subfield code="t">1</subfield>
    <subfield code="v">100.00</subfield>
    <subfield code="w">2009-01-09</subfield>
    <subfield code="y">MR</subfield>
  </datafield>
</record>
